| 000 | 006550000a22002170004500 | ||
|---|---|---|---|
| 003 | LK-CoMWRAF | ||
| 005 | 20230921155826.0 | ||
| 008 | 230817t1972 ||||| |||| 00| 0 eng d | ||
| 040 |
_aLK-CoMWRAF _dLK-CoMWRAF _eLK-CoMWRAF |
||
| 041 | _aeng | ||
| 082 |
_a297 _bMAU |
||
| 100 | _aMaududi, Abul Ala | ||
| 245 | _aPurdah and the Status of Woman in Islam | ||
| 260 |
_aLahore: _bIslamic publications, _c1972 |
||
| 300 |
_axi, 231 p. 22 cm. _bIndex included |
||
| 650 | _aPURDAH | ||
| 650 | _a Muslim women--Conduct of life. | ||
| 700 |
_aAl Ash'ari _eed. |
||
| 856 | _uhttps://islamicstudies.info/literature/purdah_status_women_islam.pdf | ||
| 942 | _cBK | ||
| 999 |
_c2013 _d2013 |
||